00522 2200205 4500001002100000005001500021035002000036245006000056100002700116250000700143300003200150260003600182082001000218084001600228020001800244600002700262990000900289990000900298990000900307INLIS00000000000004720251020093921 a0010-10250000331 aPedoman Budidaya Tambak Udang /cTim Karya Tani Mandiri0 aTim Karya Tani Mandiri a1. aviii + 160 hlm. ;c19,5 cm. aBandung :bNuansa Aulia,c2009. a639.6 a639.6 TIM p a9789790710351 4aTim Karya Tani Mandiri a1657 a1658 a1659